Normal view
MARC view
- Ullah, Sami (317828)
Entry Personal Name
001 - CONTROL NUMBER
- control field: 118234
003 - CONTROL NUMBER IDENTIFIER
- control field: NUST
005 - DATE AND TIME OF LATEST TRANSACTION
- control field: 20230926124332.0
008 - FIXED-LENGTH DATA ELEMENTS
- fixed length control field: 230926|| aca||aabn | a|a d
040 ## - CATALOGING SOURCE
- Original cataloging agency: NUST
- Transcribing agency: NUST
100 ## - HEADING--PERSONAL NAME
- Personal name: Ullah, Sami (317828)
670 ## - SOURCE DATA FOUND
- Source citation: Work cat.: (NUST)603216: Ullah, Sami (317828), Optimized Synthesis and Characterization of Spirogyra Derived Activated Carbon for High Performance Supercapacitors /, 2023
